| 000 | 01773cam a22003497a 4500 | ||
|---|---|---|---|
| 001 | 9044 | ||
| 003 | FISKH | ||
| 005 | 20251117152700.0 | ||
| 008 | 120224s2011 ag a j 000 0 eng | ||
| 010 | _a 2012360184 | ||
| 020 |
_a9780194643832 _qpbk. |
||
| 020 |
_a0194643832 _qpbk. |
||
| 040 |
_aDLC _cDLC _dDLC _beng |
||
| 050 | 0 | 0 | _aMLCS 2017/46231 (T) |
| 082 | _a428.6 | ||
| 100 | _aRaynham, Alex | ||
| 245 | 0 | 0 |
_aHow we make products / _cAlex Raynham |
| 260 |
_aArgentina : _bOxford University Press, _c2011. |
||
| 300 |
_a48 pages : _billustrations ; _c21 cm. |
||
| 490 | 0 |
_aOxford read and discover ; _v3 |
|
| 500 |
_aMinimal Level Cataloging Plus. _5DLC |
||
| 520 | _aNew non-fiction graded readers for primary - 8-year-olds and up. Cross-curricular topics and colour photos make learning English through other subjects exciting. Two new levels for younger or lower-level students.These motivating non-fiction readers are rich in content and beautifully illustrated. Fascinating information in carefully graded language appeals to a broad range of students and supports English across the curriculum, making the series perfect for CLIL (Content and Language Integrated Learning).Stunning colour photos, maps, diagrams and charts support understanding, while activities and projects develop language and critical thinking skills. | ||
| 521 | 8 |
_a740
_bLexile estimate |
|
| 521 | 8 |
_aR
_bRaz-Plus |
|
| 650 | 0 |
_aReaders _xManufacturing processes _vJuvenile literature. |
|
| 650 | 0 |
_aManufacturing processes _vJuvenile literature. |
|
| 650 | 0 | _aReaders (Elementary) | |
| 655 | 7 |
_aLiterature. _2lcgft _0https://id.loc.gov/authorities/genreForms/gf2014026415 |
|
| 906 |
_a7 _bcbc _corignew _d4 _encip _f20 _gy-gencatlg |
||
| 942 |
_2ddc _cBK _n0 |
||
| 999 |
_c9044 _d9044 |
||